Existence and persistence of invariant manifolds for semiflows in Bacach spaces

Αποθηκεύτηκε σε:
Λεπτομέρειες βιβλιογραφικής εγγραφής
Κύριος συγγραφέας: Bates, Peter W. 1947-
Άλλοι συγγραφείς: Lu, Kening 1962-, Zeng, Chongchun 1973-
Μορφή: Βιβλίο
Γλώσσα:English
Δημοσίευση: Providence, Rhode island : American Mathematical Society, c1998
Σειρά:Memoirs of the American Mathematical Society ; ; 645
Θέματα:
Ετικέτες: Προσθήκη ετικέτας
Δεν υπάρχουν, Καταχωρήστε ετικέτα πρώτοι!

MARC

LEADER 00000nam a2200000 i 4500
001 1/91520
008 991021s1998 eng d
020 |a 0821808680 
035 |l 10053632 
040 |a GR-MY-UA  |b gre  |e aacr 
041 0 |a eng 
082 0 |a 515.352 
100 1 |a Bates, Peter W.  |d 1947- 
245 1 0 |a Existence and persistence of invariant manifolds for semiflows in Bacach spaces /  |c Peter W. Bates, Kening Lu, Chongchun Zeng 
260 |a Providence, Rhode island :   |b American Mathematical Society,   |c c1998 
300 |a viii, 129 p.;  |b ill.;  |c 25 cm. 
490 1 |a Memoirs of the American Mathematical Society  |v ; 645 
500 |a Includes bibliographical references 
500 |a Volume 135, number 645 (end of volume) 
650 0 0 |a Differentiable dynamical systems. 
650 0 0 |a Hyperbolic spaces. 
650 0 0 |a Invariants. 
650 0 0 |a Flows (Differentiable dynamical systems) 
700 1 |a Lu, Kening  |d 1962- 
700 1 |a Zeng, Chongchun  |d 1973- 
830 0 |a Memoirs of the American Mathematical Society ;  |v ; 645 
852 |a INST  |b SAMOS  |e 19991021  |h 515.352 BAT  |p 005300012515  |q 005300012515  |t BK  |y 0 
901 |a BIBL3-1999-3 
909 |a Σ  |b 063260 
922 |a 3ΕΛΗ  |b 199907  |c ΕΠΕΑΕΚ/ΜΑΘ  |d ΠΑΠΑΣΩΤΗΡΙΟΥ 
970 |a ΓΕΝΟΥΖΟΥ  |b ΧΡΥΣΑΝΘΗ  |z 1999/10/21